History and historians in the nineteenth century /

Saved in:
நூற்பட்டியல் விவரங்கள்
தலைமை எழுத்தாளர்: Gooch, G. P. 1873-1968.
வடிவம்: புத்தகம்
மொழி:English
வெளியீடப்பட்டது: London, New York [etc.] : Longmans, Green and co., ltd., 1935.
பகுதிகள்:
குறியீடுகள்: குறிச்சொல் இணை
குறியீடுகள் இல்லை, இந்த குறிச்சொல்லை முதலில் பதிவு செய்யுங்கள்!
LEADER 01632cam a2200229I 4500
001 002408856-0
005 20020606093309.7
008 770303s1935 enk 000 0 eng d
035 0 |a ocm02774698 
040 |a TJC  |c TJC  |d OCL  |d BHA 
050 4 |a D13  |b .G645h 
090 |a D13  |b .G645h 
100 1 |a Gooch, G. P.  |q (George Peabody),  |d 1873-1968. 
245 0 0 |a History and historians in the nineteenth century /  |c by G. P. Gooch. 
260 |a London,  |a New York [etc.] :  |b Longmans, Green and co., ltd.,  |c 1935. 
300 |a vi p., 1 ℓ., 604 p.  |c 23 cm. 
505 0 |a Introduction -- Niebuhr -- Wolf, Böckh and Ottfried Müller -- Eichhorn and Savigny -- Jacob Grimm -- The Monumenta Germaniæ historica -- Ranke -- Ranke's critics and pupils -- The Prussian school -- The renaissance of historical studies in France -- The romantic school, Thierry and Michelet -- The political school, Guizot, Mignet and Thiers -- The middle ages and the ancient regime -- The French revolution -- Napoleon -- From Hallam to Macaulay -- Thirwall, Grote and Arnold -- Carlyle and Frounde -- The Oxford school -- Gardner and Lecky, Seeley and Creighton -- Acton and Maitland -- The United States -- Minor countries -- Mommsen and Roman studies -- Greece and Byzantium -- The ancient East -- The Jews and the Christian church -- Catholicism -- The history of civilization. 
650 0 |a Historiography. 
650 0 |a Historians. 
776 0 8 |i Online version:  |a Gooch, G.P. (George Peabody), 1873-1968.  |t History and historians in the nineteenth century.  |d London, New York [etc.] Longmans, Green and Co. [1935]  |w (OCoLC)627031762 
988 |a 20020608 
906 |0 OCLC